[Event "Pavlovo Good Year"]
[Site "Pavlovo"]
[Date "2012.08.??"]
[Round "3"]
[White "Rostokin, Dmitry"]
[Black "Zanozin, Anatoly"]
[Result "0-1"]
[WhiteElo "1996"]
[BlackElo "2097"]
[PlyCount "48"]
[EventDate "2012.08.18"]
[EventType "tourn"]
[EventRounds "14"]
[EventCountry "RUS"]
[SourceTitle "EXT 2023"]
[Source "ChessBase"]
[SourceDate "2022.10.05"]
[SourceVersion "1"]
[SourceVersionDate "2022.10.05"]
[SourceQuality "1"]

1. d4 d5 2. Nf3 Nf6 3. c4 c6 4. cxd5 cxd5 5. Nc3 e6 6. Bf4 Bd6 7. Bg3 0-0 8. e3 b6 9. Bd3 Ba6 10. 0-0 Bxd3 11. Qxd3 Nc6 12. a3 Bxg3 13. hxg3 Rc8 14. Rac1 Ng4 15. e4 dxe4 16. Nxe4 Nge5 17. Nxe5 Nxe5 18. Qb1 Qxd4 19. Ng5 Qd3 20. Qa2 Rxc1 21. Rxc1 Qd2 22. Rc3 Qd1+ 23. Kh2 Ng4+ 24. Kh3 Nxf2+ 0-1

[Event "Nizhnij Novgorod Voroniatov Memor 5th"]
[Site "Nizhnij Novgorod"]
[Date "2008.06.14"]
[Round "?"]
[White "Maneluk, Nikita"]
[Black "Zanozin, Anatoly"]
[Result "1-0"]
[WhiteElo "1998"]
[BlackElo "2132"]
[PlyCount "63"]
[EventDate "2008.06.14"]
[EventType "swiss"]
[EventRounds "9"]
[EventCountry "RUS"]
[SourceTitle "EXT 2022"]
[Source "ChessBase"]
[SourceDate "2021.10.06"]
[SourceVersion "1"]
[SourceVersionDate "2021.10.06"]
[SourceQuality "1"]

1. Nf3 Nf6 2. b3 d6 3. d4 Nbd7 4. Bb2 g6 5. e3 Bg7 6. Be2 0-0 7. c4 e6 8. Nc3 d5 9. 0-0 c6 10. Bd3 b6 11. e4 dxe4 12. Nxe4 Nxe4 13. Bxe4 Bb7 14. Nd2 Nc5 15. Qc2 Bxd4 16. Rad1 Qf6 17. Bxd4 Qxd4 18. b4 Nxe4 19. Nxe4 Qe5 20. f4 Qf5 21. Qe2 e5 22. fxe5 Qe6 23. Rd6 Qc8 24. Qd2 c5 25. Nf6+ Kg7 26. Qg5 cxb4 27. Ng4 f5 28. exf6+ Kh8 29. Ne5 Be4 30. Rd7 Qc5+ 31. Kh1 Rae8 32. Qh6 1-0

[Event "Nizhnij Novgorod Voroniatov Memor 5th"]
[Site "Nizhnij Novgorod"]
[Date "2008.06.14"]
[Round "?"]
[White "Zanozin, Anatoly"]
[Black "Shilnikov, Igor S"]
[Result "1-0"]
[WhiteElo "2132"]
[BlackElo "1980"]
[PlyCount "49"]
[EventDate "2008.06.14"]
[EventType "swiss"]
[EventRounds "9"]
[EventCountry "RUS"]
[SourceTitle "EXT 2022"]
[Source "ChessBase"]
[SourceDate "2021.10.06"]
[SourceVersion "1"]
[SourceVersionDate "2021.10.06"]
[SourceQuality "1"]

1. e4 e5 2. Nf3 Nc6 3. Bb5 g6 4. Nc3 Bg7 5. d3 Nge7 6. Bg5 h6 7. Be3 a6 8. Ba4 b5 9. Bb3 Na5 10. d4 Nxb3 11. axb3 exd4 12. Bxd4 Bxd4 13. Qxd4 0-0 14. Nxb5 Bb7 15. Nc3 Nc6 16. Qd2 Kh7 17. 0-0 d6 18. Nd5 Ne5 19. Nxe5 dxe5 20. Rfd1 c6 21. Ne3 Qe7 22. Ng4 g5 23. Qd6 Qxd6 24. Rxd6 Bc8 25. Nxh6 1-0

[Event "Nizhnij Novgorod Region-ch"]
[Site "Nizhnij Novgorod"]
[Date "2007.10.??"]
[Round "?"]
[White "Zanozin, Anatoly"]
[Black "Mazhukin, Evgeny"]
[Result "1/2-1/2"]
[WhiteElo "2145"]
[BlackElo "1722"]
[PlyCount "104"]
[EventDate "2007.10.??"]
[EventType "swiss"]
[EventRounds "9"]
[EventCountry "RUS"]
[SourceTitle "EXT 2009"]
[Source "ChessBase"]
[SourceDate "2008.11.26"]
[SourceVersion "1"]
[SourceVersionDate "2008.11.26"]
[SourceQuality "1"]

1. e4 e6 2. d4 d5 3. Nd2 Nf6 4. e5 Nfd7 5. Bd3 c5 6. c3 Nc6 7. Ne2 Qb6 8. Nf3 Be7 9. 0-0 0-0 10. Nf4 cxd4 11. cxd4 Kh8 12. Bc2 Qc7 13. h4 b5 14. Qd3 g6 15. Qxb5 Ndxe5 16. Nxe5 Nxe5 17. Qe2 Nc6 18. Be3 Bf6 19. Rfd1 Bxh4 20. g3 Bf6 21. Kg2 Ba6 22. Qxa6 Nb4 23. Nxd5 Nxa6 24. Nxc7 Nxc7 25. Bf4 Nd5 26. Be5 Rfd8 27. Be4 Kg7 28. Rac1 h5 29. b4 Rac8 30. Bxd5 Rxc1 31. Rxc1 Rxd5 32. Rc5 Bxe5 33. Rxd5 exd5 34. dxe5 Kf8 35. f4 Ke7 36. a4 Ke6 37. Kf3 g5 38. fxg5 Kxe5 39. Ke3 d4+ 40. Ke2 Ke4 41. Kd2 d3 42. b5 Kd4 43. a5 Kc5 44. b6 axb6 45. axb6 Kxb6 46. Kxd3 Kc5 47. Ke4 Kd6 48. Kf5 Ke7 49. Ke5 Ke8 50. g6 fxg6 51. Kf6 Kf8 52. Kxg6 h4 1/2-1/2

[Event "Nizhnij Novgorod Region-ch"]
[Site "Nizhnij Novgorod"]
[Date "2007.10.??"]
[Round "?"]
[White "Zanozin, Anatoly"]
[Black "Patkina, Ekaterina"]
[Result "1-0"]
[WhiteElo "2145"]
[BlackElo "1913"]
[PlyCount "73"]
[EventDate "2007.10.??"]
[EventType "swiss"]
[EventRounds "9"]
[EventCountry "RUS"]
[SourceTitle "EXT 2009"]
[Source "ChessBase"]
[SourceDate "2008.11.26"]
[SourceVersion "1"]
[SourceVersionDate "2008.11.26"]
[SourceQuality "1"]

1. e4 c5 2. Nf3 e6 3. d4 cxd4 4. Nxd4 Nf6 5. Nc3 a6 6. e5 Ng8 7. Bd3 d6 8. exd6 Bxd6 9. Ne4 Be7 10. 0-0 Nf6 11. c3 0-0 12. Qf3 Bd7 13. Nxf6+ Bxf6 14. Qxb7 Bxd4 15. Qe4 g6 16. Qxd4 Bc6 17. Qxd8 Rxd8 18. Rd1 Nd7 19. Bf4 Nc5 20. Bf1 Be4 21. b4 Nb7 22. Rxd8+ Nxd8 23. Rd1 Bc6 24. Rd6 Kg7 25. Be5+ f6 26. Bd4 Be8 27. Rxa6 Rc8 28. Ra7+ Bf7 29. Ba6 Rb8 30. b5 e5 31. Be3 Kg8 32. a4 Be6 33. Re7 Bf7 34. f4 exf4 35. Bxf4 Rb6 36. Bc7 Nc6 37. Rxf7 1-0